000 00662nam a22002057a 4500
999 _c170085
_d170085
005 20191210164313.0
010 _aENG-127063
020 _c325.00
_a9789387162525
035 _aEN-110595
037 _bDBAD/PUB
082 _a574.192
100 _aBasu, Pallab
245 _aBiochemisty laboratory manual :
_cby Pallab Basu
_bfor MBBS, BDS, BHMS, BUMS, BNYS and dalit students /
250 _a4th ed.
260 _aKolkata
_bAcademic Publishers
_c2019
270 _a5A Bhawani Dutta Lane
_bKolkata
_e700073
_mcontact@academicpublishers.in
300 _axxiv;378p.
_c24cm(pbk)
500 _aIncludes index
942 _2ddc
_cEN
_h574.192
_mBAS